Catálogo

Artes de México. (Registro nro. 27986)

Detalles MARC
000 -LEADER
fixed length control field 01746cam a2200373 i 4500
001 - CONTROL NUMBER
control field 27986
003 - CONTROL NUMBER IDENTIFIER
control field Mx-PuUPA
005 - DATE AND TIME OF LATEST TRANSACTION
control field 20250929121544.0
008 - FIXED-LENGTH DATA ELEMENTS--GENERAL INFORMATION
fixed length control field 140415s1969 mx a gr 001 0 mul d
040 ## - CATALOGING SOURCE
Transcribing agency Mx-PuUPA
Original cataloging agency Mx-PuUPA
Language of cataloging spa
Modifying agency Mx-PuUPA
Description conventions rda
041 1# - LANGUAGE CODE
Language code of text/sound track or separate title spa
-- eng
-- fre
-- ger
043 ## - GEOGRAPHIC AREA CODE
Geographic area code n-mx---
245 13 - TITLE STATEMENT
Title Artes de México.
Number of part/section of a work No.125. Año XVI.
Name of part/section of a work El juguete mexicano /
Statement of responsibility, etc. coordinación, Teresa Castelló Iturbide ; colaboradores, Francisco Javier Hernández, Marita Martínez del Río de Redo, Antonio Francisco Garabana, Virginia Armella de Aspe, Carlos Espejel
264 #1 - PRODUCTION, PUBLICATION, DISTRIBUTION, MANUFACTURE, AND COPYRIGHT NOTICE
Place of production, publication, distribution, manufacture México, D.F. :
Name of producer, publisher, distributor, manufacturer Artes de México,
Date of production, publication, distribution, manufacture, or copyright notice 1969
300 ## - PHYSICAL DESCRIPTION
Extent 103 páginas, 1 página plegada en 3 partes :
Other physical details ilustraciones, fotografías (principalmente blanco y negro) ;
Dimensions 33 cm
336 ## - CONTENT TYPE
Fuente rdacontent
Content type term texto
Content type code txt
337 ## - MEDIA TYPE
Source rdamedia
Media type term sin medio
Media type code n
338 ## - CARRIER TYPE
Source rdacarrier
Carrier type term volumen
Carrier type code nc
546 ## - LANGUAGE NOTE
Language note Texto en español, inglés, francés y alemán.
650 #7 - SUBJECT ADDED ENTRY--TOPICAL TERM
Source of heading or term armarc
Topical term or geographic name entry element Juguetes
Geographic subdivision México
General subdivision Historia
650 #7 - SUBJECT ADDED ENTRY--TOPICAL TERM
Source of heading or term armarc
Topical term or geographic name entry element Arte popular
Geographic subdivision México
650 #7 - SUBJECT ADDED ENTRY--TOPICAL TERM
Source of heading or term armarc
Topical term or geographic name entry element Artesanías
Geographic subdivision México
700 1# - ADDED ENTRY--PERSONAL NAME
Personal name Castelló Yturbide, Teresa,
Relator term coordinador
700 1# - ADDED ENTRY--PERSONAL NAME
Personal name Hernández, Francisco Javier,
Relator term colaborador
700 1# - ADDED ENTRY--PERSONAL NAME
Personal name Martínez del Río de Redo, Marita,
Relator term colaborador
700 1# - ADDED ENTRY--PERSONAL NAME
Personal name Garabana, Antonio Francisco,
Relator term colaborador
700 1# - ADDED ENTRY--PERSONAL NAME
Personal name Armella de Aspe, Virginia,
Relator term colaborador
9 (RLIN) 17523
700 1# - ADDED ENTRY--PERSONAL NAME
Personal name Espejel, Carlos,
Relator term colaborador
942 ## - ADDED ENTRY ELEMENTS (KOHA)
Source of classification or shelving scheme Dewey Decimal Classification
Koha item type Libro
Classification part 745.59220972
Item part E43
Existencias
Withdrawn status Lost status Source of classification or shelving scheme Damaged status Not for loan Collection code Home library Current library Shelving location Date acquired Source of acquisition Total Checkouts Full call number Barcode Date last seen Cost, replacement price Price effective from Koha item type
    Dewey Decimal Classification     Referencia Biblioteca Karol Wojtyla Biblioteca Karol Wojtyla Área de silencio 29/07/2022 Donación   745.59220972 E43 1969 46600 05/01/2026 0.00 03/12/2013 Folio